NRL Premiers - Statistics

General Stats
  • This quiz has been taken 47 times
  • The average score is 38 of 117
Answer Stats
Year Winners % Correct
2024 Panthers
100%
2023 Panthers
100%
2022 Panthers
100%
2021 Panthers
100%
2020 Storm
100%
2019 Roosters
92%
2018 Roosters
90%
2017 Storm
90%
2014 Rabbitohs
87%
2016 Sharks
85%
2015 Cowboys
82%
2013 Roosters
79%
2012 Storm
77%
2009 Storm
64%
2007 Storm
64%
2006 Broncos
62%
2011 Sea Eagles
62%
2008 Sea Eagles
62%
2005 Tigers
62%
2004 Bulldogs
59%
2010 Dragons
59%
2003 Panthers
56%
2000 Broncos
54%
2002 Roosters
51%
2001 Knights
49%
1997 Knights
46%
1999 Storm
46%
1998 Broncos
41%
1986 Eels
41%
1983 Eels
38%
1982 Eels
38%
1981 Eels
38%
1966 Dragons
33%
1965 Dragons
33%
1964 Dragons
33%
1963 Dragons
33%
1962 Dragons
33%
1961 Dragons
33%
1960 Dragons
33%
1959 Dragons
33%
1957 Dragons
33%
1956 Dragons
33%
1996 Sea Eagles
33%
1984 Bulldogs
31%
1958 Dragons
31%
1991 Panthers
31%
1990 Raiders
31%
1993 Broncos
28%
1992 Broncos
28%
1995 Bulldogs
28%
1985 Bulldogs
28%
1980 Bulldogs
28%
1955 Rabbitohs
28%
1954 Rabbitohs
28%
1908 Rabbitohs
28%
1989 Raiders
28%
1987 Sea Eagles
28%
1973 Sea Eagles
28%
1988 Bulldogs
26%
1971 Rabbitohs
26%
1970 Rabbitohs
26%
1967 Rabbitohs
26%
1953 Rabbitohs
26%
1994 Raiders
26%
1975 Roosters
26%
1974 Roosters
26%
1978 Sea Eagles
26%
1976 Sea Eagles
26%
1972 Sea Eagles
26%
1979 Dragons
23%
1977 Dragons
23%
1968 Rabbitohs
23%
1909 Rabbitohs
23%
1914 Rabbitohs
21%
1950 Rabbitohs
18%
1918 Rabbitohs
18%
1969 Tigers
18%
1942 Bulldogs
15%
1938 Bulldogs
15%
1951 Rabbitohs
15%
1925 Rabbitohs
15%
1945 Roosters
15%
1949 Dragons
13%
1910 Jets
13%
1932 Rabbitohs
13%
1931 Rabbitohs
13%
1928 Rabbitohs
13%
1927 Rabbitohs
13%
1926 Rabbitohs
13%
1936 Roosters
13%
1935 Roosters
13%
1913 Roosters
13%
1912 Roosters
13%
1911 Roosters
13%
1941 Dragons
10%
1943 Jets
10%
1952 Magpies
10%
1929 Rabbitohs
10%
1940 Roosters
10%
1937 Roosters
10%
1923 Roosters
10%
1947 Tigers
10%
1946 Tigers
10%
1922 Bears
8%
1921 Bears
8%
1948 Magpies
8%
1944 Tigers
8%
1939 Tigers
8%
1920 Tigers
8%
1919 Tigers
8%
1917 Tigers
8%
1916 Tigers
8%
1915 Tigers
8%
1933 Jets
5%
1930 Magpies
5%
1924 Tigers
5%
1934 Magpies
3%
No matching quizzes found
Score Distribution
Percent of People with Each Score
Percentile by Number Answered
Your Score History
You have not taken this quiz